[Event "ch-FRA Blitz Online Qual"]
[Site "Europe-Chess INT"]
[Date "2020.05.16"]
[Round "15"]
[White "Partac, Elena"]
[Black "Akopian, Edwin"]
[Result "1-0"]
[WhiteTitle "WGM"]
[WhiteElo "2079"]
[BlackElo "1706"]
[WhiteFideId "13901001"]
[BlackFideId "36068357"]
[EventDate "2020.05.16"]

1. e4 e5 2. Bc4 Nf6 3. d3 Nc6 4. a3 Bc5 5. Nc3 d6 6. h3 h6 7. Nge2 a5 8. O-O O-O
9. Ng3 Ne7 10. Kh1 Ng6 11. Be3 Ba7 12. Qd2 Be6 13. Rad1 Bxc4 14. dxc4 Bxe3 15.
fxe3 Qd7 16. Qe2 Rfe8 17. Rxf6 gxf6 18. Nf5 Ne7 19. Qg4+ Ng6 20. Nxh6+ Kg7 21.
Qxd7 Kxh6 22. Qxf7 Rf8 23. Qxc7 Rg8 24. Qxd6 Raf8 25. Nd5 Nh4 26. Nxf6 Rg6 27.
Qxf8+ Kg5 28. Nh7+ Kh5 29. g4+ Rxg4 30. hxg4+ Kxg4 31. Rg1+ Kh3 32. Ng5# 1-0

[Event "ch-FRA Blitz Online Qual"]
[Site "Europe-Chess INT"]
[Date "2020.05.16"]
[Round "15"]
[White "Vieira, William"]
[Black "Casas, Alexandre"]
[Result "0-1"]
[WhiteElo "1593"]
[BlackElo "1933"]
[WhiteFideId "20661193"]
[BlackFideId "45173451"]
[EventDate "2020.05.16"]

1. e4 c5 2. c3 d5 3. exd5 Qxd5 4. d4 e6 5. Nf3 Nf6 6. Be2 Be7 7. O-O a6 8. Na3
O-O 9. Nc2 Nc6 10. dxc5 Bxc5 11. Qxd5 Nxd5 12. Bc4 Nce7 13. Re1 b5 14. Bb3 Bb7
15. Nfd4 Rfd8 16. Bg5 Rd7 17. Bh4 Nf4 18. Bg3 Nxg2 19. Nxe6 Nxe1 20. Rxe1 Bd6
21. Ng5 Nf5 22. Bxd6 Nxd6 23. Nd4 h6 24. Nge6 Re8 25. f4 Rde7 26. Kf2 fxe6 27.
a4 Kh8 28. axb5 Nxb5 29. Bc2 Nxd4 30. cxd4 Rf7 31. Ke3 Ref8 32. Rf1 g5 33. f5
exf5 34. Bb3 f4+ 35. Kd3 Rd7 36. Re1 Rfd8 37. Kc3 Rxd4 38. Re7 R8d7 39. Re8+ Kg7
40. Bc2 R4d6 41. Rb8 Rc7+ 42. Kb3 Rb6+ 43. Ka3 Rxc2 0-1

[Event "ch-FRA Blitz Online Qual"]
[Site "Europe-Chess INT"]
[Date "2020.05.16"]
[Round "15"]
[White "Robert, Yoann"]
[Black "Buffin, Jean"]
[Result "0-1"]
[WhiteElo "2071"]
[BlackElo "1711"]
[WhiteFideId "36018805"]
[BlackFideId "20699751"]
[EventDate "2020.05.16"]

1. h4 e5 2. b3 d5 3. Bb2 Nc6 4. e3 Bd6 5. Bb5 Qe7 6. h5 h6 7. f4 Nf6 8. Bxc6+
bxc6 9. fxe5 Bxe5 10. Bxe5 Qxe5 11. Nc3 Qg3+ 12. Kf1 Ng4 13. Nh3 Nh2+ 14. Kg1
Bxh3 15. Rxh2 Bg4 16. Qe1 Qe5 17. Rh4 Bf5 18. d3 O-O 19. Qf2 Qxc3 20. Rf1 Be6
21. g4 Qe5 22. Qf3 Rae8 23. Rf2 Bd7 24. Re2 Qg5 25. Qg3 f5 26. Rhh2 f4 0-1

[Event "ch-FRA Blitz Online Qual"]
[Site "Europe-Chess INT"]
[Date "2020.05.16"]
[Round "15"]
[White "Lissillour, Baptiste"]
[Black "Breuil, Tristan"]
[Result "1/2-1/2"]
[WhiteElo "1731"]
[BlackElo "1898"]
[WhiteFideId "45179620"]
[BlackFideId "45163685"]
[EventDate "2020.05.16"]

1. e4 Nf6 2. e5 Nd5 3. c4 Nb6 4. d4 d6 5. exd6 cxd6 6. Nc3 g6 7. b3 Bg7 8. Be3
O-O 9. Rc1 e5 10. dxe5 dxe5 11. Qxd8 Rxd8 12. c5 N6d7 13. Bc4 Nc6 14. Nf3 Na5
15. Be2 b6 16. O-O bxc5 17. Ne4 Bb7 18. Nxc5 Nxc5 19. Bxc5 Nc6 20. Bc4 Nd4 21.
Ng5 Bd5 22. Kh1 Bh6 23. h4 Rd7 24. Rfe1 f6 25. Ne4 Kg7 26. Nd6 Bxc4 27. Nxc4 Ne6
28. Be3 Bxe3 29. Nxe3 Rad8 30. Red1 Rxd1+ 31. Rxd1 Rxd1+ 32. Nxd1 Nd4 33. Nc3
Kf7 34. f3 Ke6 35. Kg1 Kd6 36. Ne4+ Ke7 37. Nc5 Kd6 38. Ne4+ Ke7 39. Nc5 Kd6 40.
Nd3 Kc6 41. Kf2 Nc2 42. g4 Kd5 43. Ke2 Kd4 44. Nb2 Nb4 45. a3 Nc2 46. Na4 Nxa3
47. Kd2 Nb5 48. Nb2 Kd5 49. Nc4 Nd4 50. Ne3+ Kd6 51. Nc4+ Ke7 52. g5 Nxf3+ 53.
Ke3 Nd4 54. gxf6+ Kxf6 55. Ke4 Nxb3 56. Nxe5 Nd2+ 57. Kf4 a5 58. Ng4+ Kg7 59.
Ne3 a4 60. Nc2 Nc4 61. Ke4 Nd6+ 62. Ke5 Nf5 63. h5 Ne7 64. hxg6 hxg6 65. Kf4
Nd5+ 66. Ke5 Nc3 67. Kd4 Nb5+ 68. Kc5 Nc7 69. Kb4 Kf6 70. Kxa4 Kf5 71. Kb4 Kf4
72. Kc3 Kf3 73. Nd4+ Kf2 74. Kd3 g5 75. Ke4 g4 76. Nf5 Ne6 77. Ke5 Nf8 78. Kf4
g3 79. Nxg3 1/2-1/2

[Event "ch-FRA Blitz Online Qual"]
[Site "Europe-Chess INT"]
[Date "2020.05.16"]
[Round "15"]
[White "Belattar, Salah-Eddine"]
[Black "Menoux, Joachim"]
[Result "1/2-1/2"]
[WhiteElo "1886"]
[BlackElo "1627"]
[WhiteFideId "9001468"]
[BlackFideId "36066206"]
[EventDate "2020.05.16"]

1. d4 Nf6 2. Nf3 g6 3. g3 Bg7 4. c4 O-O 5. Nc3 d5 6. Bg2 c5 7. cxd5 Nxd5 8. O-O
Nxc3 9. bxc3 cxd4 10. cxd4 Nc6 11. e3 Bg4 12. Qb3 Qc7 13. Ba3 Na5 14. Qb4 Nc6
15. Qb3 Na5 16. Qb4 Nc6 17. Qc5 b6 18. Qc2 Rac8 19. Rac1 Qd7 20. Qd2 Qf5 21. Nh4
Qf6 22. h3 Bd7 23. Rc2 Na5 24. Rfc1 Rxc2 25. Rxc2 b5 26. Qxa5 g5 27. Nf3 Qf5 28.
Qc3 Rc8 29. Bc5 b4 30. Qxb4 Qxc2 31. Ne1 Qf5 32. e4 Qg6 33. Qb7 Qc6 34. e5 Qxb7
35. Bxb7 Rc7 36. Be4 Bxe5 37. Bxe7 Bxd4 38. Bxg5 Bxh3 39. Kh2 Be6 40. Nd3 Rc2
41. Nf4 Rxf2+ 42. Ng2 Rxa2 43. g4 Be5+ 44. Kh3 Ra3+ 45. Kh4 Bg3+ 46. Kh5 Ra4 47.
Bf3 Ra3 48. Be4 a5 49. Be7 Ra4 50. Bd3 Bxg4+ 51. Kh6 Bf4+ 52. Nxf4 Rxf4 53.
Bxh7+ Kh8 54. Bg5 Rf5 55. Bxf5 Bxf5 56. Bf6+ Kg8 57. Kg5 Be6 58. Kf4 Kf8 59. Ke5
a4 60. Kd6 a3 61. Kc5 a2 62. Kd6 Kg8 63. Ke5 Kh7 64. Kf4 Kg6 65. Be5 f6 66. Bd4
f5 67. Be5 Kh5 68. Bd4 Kh4 69. Be5 Kh3 70. Bd4 Kg2 71. Be5 Kf2 72. Bd4+ Ke2 73.
Ke5 Kd1 74. Kxe6 Kc2 75. Kxf5 Kb1 76. Bh8 a1=Q 77. Bxa1 1/2-1/2

[Event "ch-FRA Blitz Online Qual"]
[Site "Europe-Chess INT"]
[Date "2020.05.16"]
[Round "15"]
[White "Reuillon, Hadrien"]
[Black "Coiffait, Pierre-Basile"]
[Result "1/2-1/2"]
[WhiteElo "1817"]
[BlackElo "2261"]
[WhiteFideId "45133972"]
[BlackFideId "20665342"]
[EventDate "2020.05.16"]

1. e4 e5 2. Nf3 Nc6 3. Bc4 Bc5 4. O-O Nf6 5. d4 Bxd4 6. Nxd4 Nxd4 7. f4 d6 8.
fxe5 dxe5 9. Bg5 Qe7 10. Na3 Be6 11. c3 Bxc4 12. Nxc4 Ne6 13. Bxf6 gxf6 14. Qb3
O-O-O 15. Kh1 Rhg8 16. Ne3 Qc5 17. Nd5 Rg6 18. Qa4 c6 19. b4 Qd6 20. Nxf6 Qd2
21. g3 Kb8 22. Rad1 Qe2 23. Rde1 Qc4 24. Qa5 Qb5 25. Qxb5 cxb5 26. Nd5 Rf8 27.
Rf5 f6 28. Ref1 Ng5 29. Rxf6 Rfxf6 30. Rxf6 Rxf6 31. Nxf6 Kc7 32. h4 Nf3 33. Kg2
Ne1+ 34. Kf2 Nd3+ 35. Ke3 Nc1 36. a3 Kd6 37. Nd5 Nb3 38. g4 a5 39. g5 axb4 40.
axb4 Nc1 41. h5 Ke6 42. g6 hxg6 43. hxg6 Na2 44. Kf3 Nc1 45. Kg4 Nd3 46. Kh5 Nf2
47. Kh6 Nxe4 48. g7 Kxd5 49. g8=Q+ Kd6 50. Qg6+ Kd5 51. c4+ bxc4 52. Qf7+ Kd4
53. Qd7+ Ke3 54. Qxb7 c3 55. Qc7 Kd2 56. b5 c2 57. b6 Nc3 58. b7 c1=Q 59. b8=Q
Kd3+ 60. Kh7 Qh1+ 61. Kg8 Qg2+ 62. Qg7 Qd5+ 63. Qf7 Qg2+ 64. Qg7 Qd5+ 65. Kh8 e4
66. Qbg3+ e3 67. Q7g6+ Kd2 68. Qg2+ Qxg2 69. Qxg2+ e2 70. Qg5+ Kd1 71. Qg4 Kd2
72. Qd4+ Kc2 73. Qe5 Kd2 74. Qd6+ Kc2 75. Qe5 Kd2 76. Qd4+ Kc2 77. Qe5 1/2-1/2

[Event "ch-FRA Blitz Online Qual"]
[Site "Europe-Chess INT"]
[Date "2020.05.16"]
[Round "15"]
[White "Bernard, Mathis"]
[Black "Lapitski, Yaroslav"]
[Result "1-0"]
[WhiteElo "1880"]
[BlackElo "1765"]
[WhiteFideId "36075205"]
[BlackFideId "13519468"]
[EventDate "2020.05.16"]

1. e4 c5 2. Nf3 Nc6 3. Bb5 Nf6 4. Nc3 d6 5. d4 cxd4 6. Qxd4 Bd7 7. Bxc6 Bxc6 8.
Bg5 e5 9. Qd3 Be7 10. O-O-O O-O 11. Bxf6 gxf6 12. Nh4 Kh8 13. Nf5 Bd7 14. Nxe7
Qxe7 15. Qxd6 Qxd6 16. Rxd6 Bc6 17. Rxf6 Kg7 18. Rd6 Rg8 19. Rhd1 Kh8 20. g3 h5
21. h4 Kg7 22. Kd2 f6 23. Ke3 Kg6 24. Nd5 Bxd5 25. R1xd5 Rac8 26. c3 Rge8 27.
Rd7 Rb8 28. Rc7 b6 29. Rdd7 Rg8 30. Rxa7 b5 31. Rab7 Rxb7 32. Rxb7 Ra8 33. Rxb5
Rxa2 34. c4 Ra1 35. c5 Re1+ 36. Kf3 Rc1 37. b4 Rc3+ 38. Kg2 f5 39. exf5+ Kxf5
40. Rb8 Ke4 41. Rh8 Rb3 42. c6 Rc3 43. b5 Rc2 44. b6 Rxc6 45. b7 Rb6 46. b8=Q
Rxb8 47. Rxb8 Kd4 48. Kf3 Kd5 49. Ke3 Ke6 50. f4 exf4+ 51. Kxf4 Kf6 52. Rb6+ Ke7
53. Kg5 Kd7 54. Rh6 Kc7 55. Kxh5 Kd7 56. Rf6 Ke7 57. Ra6 Kd7 58. Kg5 Kc7 59. Kf5
Kb7 60. Rh6 Kc7 61. g4 Kd7 62. g5 Ke7 63. Rf6 Kd7 64. g6 Ke7 65. g7 Kd7 66. g8=Q
Kc7 67. Qc4+ Kb7 68. Qb5+ Kc7 69. Qc6+ Kd8 70. Rf8+ Ke7 71. Re8+ 1-0

[Event "ch-FRA Blitz Online Qual"]
[Site "Europe-Chess INT"]
[Date "2020.05.16"]
[Round "15"]
[White "Gordon, James"]
[Black "Ludwiczak, Virginie"]
[Result "0-1"]
[WhiteElo "1775"]
[BlackElo "1875"]
[WhiteFideId "45186154"]
[BlackFideId "20655592"]
[EventDate "2020.05.16"]

1. d4 Nf6 2. Nf3 d5 3. e3 Bf5 4. c4 c6 5. Nc3 e6 6. Nh4 Bg6 7. Nxg6 hxg6 8. Bd2
Nbd7 9. g3 Bd6 10. Bg2 dxc4 11. a4 Nb6 12. Qe2 a5 13. e4 Bb4 14. e5 Nfd5 15. Ne4
Be7 16. h4 Nb4 17. Bf4 Nd3+ 18. Kf1 Qxd4 19. Be3 Qxe5 20. Bxb6 Qxb2 21. Qxb2
Nxb2 22. Nc3 Bb4 23. Nd1 Nd3 24. Ne3 c3 25. Ke2 Nb2 26. Be4 O-O 27. h5 gxh5 28.
Rxh5 g6 29. Rh3 Kg7 30. Ng4 f6 31. Rah1 Rh8 32. Rxh8 Rxh8 33. Rxh8 Kxh8 34. Nxf6
Kg7 35. Bd4 Kf7 36. Ng4 Nxa4 37. Bc2 Nc5 38. Ne5+ Ke7 39. Nxg6+ Kd6 40. Be5+ Kd5
41. Bg7 Ne4 42. Nf4+ Kc4 43. Bxe4 a4 44. Bb1 Kb3 45. Kd1 a3 46. Nd3 Ba5 0-1

[Event "ch-FRA Blitz Online Qual"]
[Site "Europe-Chess INT"]
[Date "2020.05.16"]
[Round "15"]
[White "Cornileau, Juliette"]
[Black "Auder, Benjamin"]
[Result "0-1"]
[WhiteElo "1872"]
[BlackElo "1934"]
[WhiteFideId "36083372"]
[BlackFideId "635065"]
[EventDate "2020.05.16"]

1. d4 Nc6 2. c4 e5 3. Nf3 e4 4. Ng5 f5 5. Nh3 Nf6 6. Bg5 h6 7. Bxf6 Qxf6 8. e3
g5 9. Nc3 Bb4 10. Qh5+ Qf7 11. Be2 Bxc3+ 12. bxc3 Qxh5 13. Bxh5+ Ke7 14. f3 exf3
15. gxf3 d6 16. Kd2 b6 17. Nf2 Ba6 18. e4 Bxc4 19. exf5 Kf6 20. Ng4+ Kg7 21. Ne3
Bf7 22. Bxf7 Kxf7 23. h4 Ne7 24. Rag1 Kf6 25. Kd3 Nxf5 26. Nxf5 Kxf5 27. hxg5
hxg5 28. Re1 Kf6 29. Rxh8 Rxh8 30. Re2 Rh3 31. Ke4 c6 32. c4 Rh1 33. Kd3 Rd1+
34. Kc3 Rf1 35. Re3 Rh1 36. Re2 Rh3 37. Re3 g4 38. Kd2 gxf3 39. Ke1 Kf5 40. Kf2
Kf4 41. Re8 Rh2+ 42. Kf1 Rxa2 43. Rf8+ Ke3 44. Re8+ Kxd4 45. Rf8 Kxc4 46. Rxf3
d5 47. Rf4+ d4 48. Ke1 c5 49. Kd1 Kc3 50. Rf3+ d3 51. Ke1 Ra1+ 52. Kf2 Kc2 53.
Rf4 b5 54. Rf5 c4 55. Rxb5 d2 56. Rd5 d1=Q 57. Rxd1 Rxd1 58. Ke3 Kc1 59. Ke4 c3
60. Ke5 c2 61. Ke6 Kb2 62. Kf7 Rd4 63. Kg8 Kc3 64. Kh8 Rd5 65. Kg8 Kc4 66. Kh8
Rd6 67. Kg8 Kc5 68. Kh8 Rd7 69. Kg8 Kd6 70. Kh8 Ke6 71. Kg8 Kf6 72. Kh8 Kg6 73.
Kg8 Rd8# 0-1

[Event "ch-FRA Blitz Online Qual"]
[Site "Europe-Chess INT"]
[Date "2020.05.16"]
[Round "15"]
[White "Douchez, Tony"]
[Black "Martinez, Felicien"]
[Result "0-1"]
[WhiteElo "1630"]
[BlackElo "1867"]
[WhiteFideId "36087785"]
[BlackFideId "45141207"]
[EventDate "2020.05.16"]

1. e4 e6 2. d4 d5 3. Bd3 dxe4 4. Bxe4 Nf6 5. Bf3 c5 6. Be3 cxd4 7. Qxd4 Qxd4 8.
Bxd4 Nc6 9. Be3 Ne5 10. Nd2 Be7 11. Ne2 Nxf3+ 12. Nxf3 Bd7 13. O-O O-O 14. a3
Nd5 15. Bd2 Bb5 16. Rfe1 Bf6 17. Ned4 Bd7 18. c3 a6 19. Bg5 Bxg5 20. Nxg5 Rfe8
21. Ngf3 f6 22. g3 e5 23. Nc2 Bg4 24. Nd2 Rad8 25. Nf1 Nb6 26. Kg2 e4 27. h3
Bf3+ 28. Kg1 Nc4 29. Nd4 Nxb2 30. Nxf3 exf3 31. Ne3 Rd2 32. Reb1 b5 33. Ra2 Nc4
34. Rxd2 Nxd2 35. Rd1 Nc4 36. Nxc4 bxc4 37. Rd4 Re1+ 38. Kh2 Rf1 39. Rd2 h5 40.
g4 h4 41. Rd8+ Kf7 42. Rd2 Ke6 43. Rb2 Ke5 44. Rd2 g6 45. Rb2 Kf4 46. Rd2 Ke5
47. Rb2 Rc1 48. Rb6 Rc2 49. Rxa6 Rxf2+ 50. Kg1 Rc2 51. a4 Kf4 52. Ra8 Kg3 53.
Re8 Rc1+ 54. Re1 Rxe1# 0-1

[Event "ch-FRA Blitz Online Qual"]
[Site "Europe-Chess INT"]
[Date "2020.05.16"]
[Round "15"]
[White "Sabapathee, Florian"]
[Black "Lebrun, Elias"]
[Result "0-1"]
[WhiteElo "1444"]
[BlackElo "1880"]
[WhiteFideId "45195951"]
[BlackFideId "26073110"]
[EventDate "2020.05.16"]

1. c4 Nf6 2. g3 e6 3. Bg2 d5 4. Nf3 dxc4 5. O-O Be7 6. Qa4+ Nc6 7. Qxc4 O-O 8.
d4 a5 9. Nc3 Nb4 10. Bf4 c6 11. a3 Nbd5 12. Ne5 Nxf4 13. gxf4 Nd5 14. Nd3 Bd6
15. Nxd5 exd5 16. Qc1 Qf6 17. Qe3 Bf5 18. Ne5 Rfe8 19. Qg3 Qh6 20. Rac1 f6 21.
Ng4 Bxg4 22. Qxg4 Qxf4 23. Qxf4 Bxf4 24. e3 Bd6 25. Bh3 Re7 26. Kh1 Kf7 27. Bf5
g6 28. Bd3 f5 29. Be2 Re4 30. Bf3 Rh4 31. Bg2 Bxh2 32. Bf3 Kf6 33. Kg2 Bd6 34.
Rh1 Rxh1 35. Kxh1 h5 36. Kg2 Rh8 37. Rg1 g5 38. Be2 g4 39. f3 Re8 40. fxg4 hxg4
41. Rf1 Rxe3 42. Kf2 Rb3 43. Ke1 Rxb2 44. Bxg4 Rb1+ 45. Ke2 Rxf1 46. Kxf1 fxg4
47. Kf2 Kg5 48. Kg2 Kf4 49. Kf2 Ke4 50. Kf1 Kxd4 51. Kg1 Kc3 52. Kg2 Kb3 53. Kf2
Kxa3 54. Kf1 Kb3 55. Kg1 a4 56. Kg2 a3 57. Kf2 a2 58. Kf1 Kc3 59. Kg1 Kd3 60.
Kg2 Ke3 61. Kg1 a1=Q+ 62. Kg2 Qa2+ 63. Kg1 Qh2+ 64. Kf1 Qf2# 0-1

[Event "ch-FRA Blitz Online Qual"]
[Site "Europe-Chess INT"]
[Date "2020.05.16"]
[Round "15"]
[White "Denjoy, Arnaud"]
[Black "Barraud, Mickael"]
[Result "1-0"]
[WhiteElo "2166"]
[BlackElo "1733"]
[WhiteFideId "26071185"]
[BlackFideId "696137"]
[EventDate "2020.05.16"]

1. Nf3 d5 2. g3 c5 3. Bg2 Bf5 4. O-O Nc6 5. d3 e6 6. Nbd2 Nf6 7. Qe1 Be7 8. e4
dxe4 9. dxe4 Bg6 10. Qe2 O-O 11. Rd1 Nd4 12. Nxd4 cxd4 13. e5 Nd5 14. Ne4 Nb6
15. h4 Rc8 16. h5 Bxe4 17. Bxe4 Bc5 18. Bxb7 Rc7 19. Ba6 Qd5 20. Bd3 f6 21. h6
g6 22. exf6 Rxf6 23. Bf4 Rcf7 24. a4 Bd6 25. Bxd6 Qxd6 26. a5 Nd7 27. Re1 e5 28.
Bc4 a6 29. Bxf7+ Kxf7 30. Ra3 Rf5 31. Rf3 Qe6 32. Rxf5+ Qxf5 33. Qe4 Ke6 34.
Qxf5+ Kxf5 35. f3 Nc5 36. Kf2 Na4 37. b3 Nc3 38. b4 Nd5 39. b5 axb5 40. a6 Nb6
41. a7 Ke6 42. Rb1 Kd6 43. Rxb5 1-0

[Event "ch-FRA Blitz Online Qual"]
[Site "Europe-Chess INT"]
[Date "2020.05.16"]
[Round "15"]
[White "Rodriguez Rodriguez, Antonio"]
[Black "Ibrouchene, Christophe"]
[Result "1-0"]
[WhiteTitle "FM"]
[WhiteElo "2112"]
[BlackElo "1797"]
[WhiteFideId "2219255"]
[BlackFideId "45110786"]
[EventDate "2020.05.16"]

1. d4 e5 2. dxe5 Nc6 3. Nf3 Qe7 4. Nc3 Nxe5 5. e4 Nf6 6. Be2 Nxf3+ 7. Bxf3 Qe5
8. O-O Bc5 9. g3 d6 10. Bf4 Qe7 11. Bg5 c6 12. Qe2 O-O 13. Bg2 Bb6 14. Rad1 Re8
15. Qf3 Qe5 16. Bxf6 gxf6 17. Qd3 Bg4 18. Rd2 Rad8 19. Kh1 f5 20. f3 fxe4 21.
fxe4 Qg5 22. Na4 Be3 23. Rdf2 Bxf2 24. Rxf2 Be6 25. Nc3 Qc1+ 26. Rf1 Qxb2 27.
Qf3 Qxc2 28. Ne2 Qxa2 29. Nf4 Re7 30. Nh5 d5 31. Qf6 1-0

[Event "ch-FRA Blitz Online Qual"]
[Site "Europe-Chess INT"]
[Date "2020.05.16"]
[Round "15"]
[White "Courjal, Pauline"]
[Black "Ritzenthaler, Stephane"]
[Result "0-1"]
[WhiteElo "1848"]
[BlackElo "1988"]
[WhiteFideId "45147841"]
[BlackFideId "638080"]
[EventDate "2020.05.16"]

1. e4 c5 2. Nc3 Nc6 3. g3 g6 4. Bg2 Bg7 5. d3 e5 6. Nh3 d6 7. O-O Nge7 8. f4 O-O
9. f5 gxf5 10. exf5 Bxf5 11. Bg5 Qd7 12. Nf2 Nd4 13. Qd2 Nec6 14. Nd5 f6 15. Bh6
Be6 16. Bxg7 Qxg7 17. c3 Nf5 18. Nc7 Qxc7 19. Nh3 Qg7 20. Be4 Nce7 21. Qe2 Kh8
22. Qh5 Qg6 23. Qf3 d5 24. Bxf5 Bxf5 25. Rad1 Bxh3 26. c4 Bg4 27. Qg2 Bxd1 28.
Rxd1 Rad8 29. cxd5 Rxd5 30. b4 Rxd3 31. Rc1 c4 32. a4 Rfd8 33. Qf1 Nf5 34. Kh1
Rxg3 35. hxg3 Nxg3+ 36. Kg2 Nxf1+ 37. Kxf1 Qf5+ 38. Ke2 Qd3+ 39. Kf2 e4 40. Re1
Qf3+ 41. Kg1 Rg8+ 42. Kh2 Qh5# 0-1

[Event "ch-FRA Blitz Online Qual"]
[Site "Europe-Chess INT"]
[Date "2020.05.16"]
[Round "15"]
[White "Courbi, Stephane"]
[Black "Hadida, Simon"]
[Result "1/2-1/2"]
[WhiteElo "1955"]
[BlackElo "1900"]
[WhiteFideId "647462"]
[BlackFideId "45132925"]
[EventDate "2020.05.16"]

1. e4 c5 2. Nf3 Nc6 3. d4 cxd4 4. Nxd4 e5 5. Nb5 d6 6. N1c3 a6 7. Na3 b5 8. Nd5
Nf6 9. Bg5 Be7 10. Bxf6 Bxf6 11. c4 b4 12. Nc2 a5 13. g3 O-O 14. h4 Be6 15. Bh3
Bxd5 16. Qxd5 Ne7 17. Qd3 Qc7 18. O-O Nc6 19. Ne3 Nd4 20. Nd5 Qd8 21. b3 g6 22.
Rac1 Bg7 23. c5 dxc5 24. Rxc5 f5 25. Nc7 Qd6 26. Qc4+ Kh8 27. Rd5 Qf6 28. Nxa8
Rxa8 29. Rd7 fxe4 30. Qf7 Rf8 31. Qxf6 Rxf6 32. Rc1 Ne2+ 33. Kf1 Nxc1 34. Ra7
Nd3 35. Rxa5 Rxf2+ 36. Kg1 Bh6 37. Be6 Be3 38. Kh1 Rf1+ 39. Kh2 Re1 40. g4 Bd4
41. g5 Re2+ 42. Kh1 Re1+ 43. Kh2 Re2+ 44. Kh1 Nf2+ 45. Kg2 Ng4+ 46. Kh3 Nf2+ 47.
Kg2 Nd3+ 48. Kh1 1/2-1/2

[Event "ch-FRA Blitz Online Qual"]
[Site "Europe-Chess INT"]
[Date "2020.05.16"]
[Round "15"]
[White "Frazao, Thomas"]
[Black "Blachon, Pascal"]
[Result "0-1"]
[WhiteElo "1719"]
[BlackElo "1955"]
[WhiteFideId "36083704"]
[BlackFideId "636320"]
[EventDate "2020.05.16"]

1. e4 d5 2. exd5 c6 3. dxc6 Nxc6 4. d4 Qxd4 5. Qxd4 Nxd4 6. Bd3 e5 7. Ne2 Nc6 8.
O-O Be7 9. Nbc3 Be6 10. Be3 a6 11. f4 Nf6 12. f5 Bd7 13. Ng3 O-O 14. Nge4 Rfd8
15. Nxf6+ Bxf6 16. Rad1 Nd4 17. Bxd4 exd4 18. Nd5 Bg5 19. f6 Bg4 20. Nb6 Rab8
21. Rb1 Bxf6 22. Nc4 b5 23. Nd2 Bg5 24. Nf3 Be3+ 25. Kh1 Re8 26. Rfe1 f6 27. a3
Bf2 28. Rxe8+ Rxe8 29. h3 Bc8 30. Kh2 Bb7 31. Rf1 Be3 32. Ne1 Re7 33. Nf3 g6 34.
Kh1 Kg7 35. c3 dxc3 36. bxc3 Bc5 37. Ra1 f5 38. c4 Bxf3 39. gxf3 Re3 40. Bf1
bxc4 41. Bxc4 Rxf3 42. Bxa6 Rxh3+ 43. Kg2 Rxa3 44. Rxa3 Bxa3 45. Be2 Bd6 46. Kf3
Kf6 47. Kg2 g5 48. Kh1 g4 49. Bf1 h5 50. Bg2 f4 51. Kg1 Bc5+ 52. Kh2 Kg5 53. Kh1
f3 54. Bf1 Kf4 55. Kh2 Bd6 56. Kh1 Kg3 57. Kg1 Bc5+ 58. Kh1 Kf2 59. Bc4 g3 60.
Bf1 g2+ 61. Kh2 g1=Q+ 62. Kh3 Qg3# 0-1

[Event "ch-FRA Blitz Online Qual"]
[Site "Europe-Chess INT"]
[Date "2020.05.16"]
[Round "15"]
[White "Cleran, Anthony"]
[Black "Dubois, Herve"]
[Result "1-0"]
[WhiteElo "1933"]
[BlackElo "1836"]
[WhiteFideId "626066"]
[BlackFideId "636460"]
[EventDate "2020.05.16"]

1. e4 c5 2. Nc3 d6 3. f4 Nf6 4. Nf3 Nc6 5. Bb5 Bd7 6. O-O e6 7. d3 Be7 8. Bxc6
Bxc6 9. Ne2 O-O 10. Qe1 b5 11. c3 a5 12. Ng3 b4 13. f5 bxc3 14. bxc3 Qb6 15. c4
Ra7 16. fxe6 fxe6 17. Ng5 Bd7 18. e5 dxe5 19. Qxe5 h6 20. N5e4 Qc7 21. Qxc7 Rxc7
22. Bf4 Rb7 23. Rab1 Rb4 24. a3 Ra4 25. Rb3 Nxe4 26. Nxe4 g5 27. Be5 Bc6 28.
Rxf8+ Kxf8 29. Nc3 Kf7 30. Kf2 Bf6 31. Bxf6 Kxf6 32. Nxa4 Bxa4 33. Rb8 Bc2 34.
Ke3 Ke5 35. Rb5 Kd6 36. Rxa5 h5 37. Ra6+ Ke5 38. Rc6 Bxd3 39. Kxd3 Kf4 40. Rxc5
e5 41. a4 e4+ 42. Ke2 g4 43. Rxh5 g3 44. hxg3+ Kxg3 45. a5 e3 46. a6 Kxg2 47. a7
Kg1 48. Rg5+ Kh2 49. a8=Q Kh3 50. Qh8# 1-0

[Event "ch-FRA Blitz Online Qual"]
[Site "Europe-Chess INT"]
[Date "2020.05.16"]
[Round "15"]
[White "Perolini, Cedric"]
[Black "Blanchard, Samuel"]
[Result "0-1"]
[WhiteElo "1706"]
[BlackElo "1921"]
[WhiteFideId "20692773"]
[BlackFideId "36023990"]
[EventDate "2020.05.16"]

1. e4 e6 2. d4 d5 3. exd5 exd5 4. f4 Nf6 5. Nf3 c5 6. c3 Nc6 7. Bb5 a6 8. Qe2+
Qe7 9. Bxc6+ bxc6 10. Qxe7+ Bxe7 11. Ne5 Bb7 12. Be3 cxd4 13. Bxd4 c5 14. Bf2
O-O 15. O-O Rfe8 16. Nd2 Bd6 17. Ndf3 h6 18. Rfe1 Ne4 19. Re2 f6 20. Ng6 Kh7 21.
f5 a5 22. Rae1 Ba6 23. Re3 Bb5 24. g4 a4 25. Nd2 Nxd2 26. Rxe8 Rxe8 27. Rd1 Ne4
28. Rxd5 Nxf2 29. Kxf2 Bxh2 30. Rxc5 Ba6 31. Ra5 Bb7 32. Rxa4 Re4 33. Rxe4 Bxe4
34. Ke3 Bb1 35. a4 h5 36. gxh5 Bxf5 37. Ne7 Bd7 38. a5 Bg1+ 39. Ke4 Kh6 40. b4
Kxh5 41. c4 g5 42. c5 Bh3 43. Kf3 g4+ 44. Kg3 f5 45. Nxf5 Kg5 46. Nd6 Bd4 47.
Ne4+ Kh5 48. Nf2 Be5# 0-1

[Event "ch-FRA Blitz Online Qual"]
[Site "Europe-Chess INT"]
[Date "2020.05.16"]
[Round "15"]
[White "Villevieille, Lucas"]
[Black "Eveno, Nathan"]
[Result "0-1"]
[WhiteElo "1713"]
[BlackElo "2069"]
[WhiteFideId "36022349"]
[BlackFideId "45132178"]
[EventDate "2020.05.16"]

1. d4 d5 2. c4 e6 3. Nf3 c5 4. cxd5 exd5 5. g3 Nf6 6. Bg2 Be7 7. dxc5 Bxc5 8.
Bf4 O-O 9. e3 Nc6 10. O-O Ne4 11. Nd4 Nxd4 12. exd4 Bb6 13. Nc3 Nxc3 14. bxc3
Be6 15. Re1 Rc8 16. Rc1 Ba5 17. Qd3 Qd7 18. Re5 Bc7 19. Rh5 g6 20. Rh4 Bf5 21.
Qd2 Bxf4 22. Rxf4 Rfe8 23. Re1 Rxe1+ 24. Qxe1 Re8 25. Qd2 b5 26. Rf3 Be4 27. Re3
Bxg2 28. Kxg2 Re6 29. Rxe6 Qxe6 30. Qe3 Qxe3 31. fxe3 f5 32. Kf3 Kf7 33. g4
fxg4+ 34. Kxg4 Kf6 35. h4 h6 36. Kf4 g5+ 37. hxg5+ hxg5+ 38. Kg4 Kg6 39. a3 a6
40. Kg3 Kf5 41. Kf3 a5 42. Kg3 Ke4 43. Kg4 Kxe3 44. Kxg5 Kd3 45. Kf5 Kxc3 46.
Ke5 Kc4 47. Kd6 b4 48. axb4 axb4 0-1

[Event "ch-FRA Blitz Online Qual"]
[Site "Europe-Chess INT"]
[Date "2020.05.16"]
[Round "15"]
[White "El Baroudi Abderrahmane"]
[Black "Macqueron, Gregory"]
[Result "0-1"]
[WhiteElo "1599"]
[BlackElo "1927"]
[WhiteFideId "9005382"]
[BlackFideId "551004240"]
[EventDate "2020.05.16"]

1. e4 d6 2. d4 Nf6 3. Nc3 Nbd7 4. Nf3 e5 5. dxe5 dxe5 6. Bg5 Be7 7. Bxf6 Bxf6 8.
Nd5 c6 9. Nxf6+ Qxf6 10. Bd3 O-O 11. O-O Nc5 12. h3 Be6 13. Nh2 Rad8 14. Qe2
Nxd3 15. cxd3 Rd4 16. a3 Rfd8 17. Rad1 Bb3 18. Rd2 Qf4 19. g3 Qh6 20. Kg2 Be6
21. Ng4 Bxg4 22. hxg4 Rxe4 23. Qxe4 Qxd2 24. Qb4 Qxb4 25. axb4 Rxd3 26. Re1 f6
27. Re2 Rb3 28. f4 exf4 29. gxf4 Rxb4 30. Kf3 Kf7 31. f5 h5 32. gxh5 Rh4 33. Rd2
Ke7 34. Re2+ Kd6 35. Rd2+ Ke5 36. Rd7 Rxh5 37. Rxg7 Rh3+ 38. Kg2 Rb3 39. Rg4 0-1